Statistics for Wordle Words --Y--

Click here to take the quiz!

General Stats

  • This quiz has been taken 26 times
  • The average score is 8 of 29

Answer Stats

--Y--% Correct
layer
64%
buyer
55%
payer
55%
mayor
50%
flyer
45%
foyer
45%
gayer
41%
payee
36%
style
36%
coyly
32%
rhyme
32%
crypt
27%
dryer
27%
loyal
27%
royal
27%
thyme
27%
dryly
23%
maybe
23%
wryly
23%
abyss
18%
rayon
18%
shyly
18%
gayly
14%
idyll
14%
slyly
14%
tryst
14%
bayou
9%
kayak
9%
glyph
5%

Score Distribution

Percentile by Number Answered

Percent of People with Each Score

Your Score History

You have not taken this quiz